[Event "Steinfurt Bezirksliga 1112"]
[Site "Germany"]
[Date "2012.01.07"]
[Round "4.8"]
[White "Krueler, Mario"]
[Black "Janzen, Dieter"]
[Result "0-1"]
[WhiteElo "1092"]
[BlackElo "1693"]
[PlyCount "74"]
[EventDate "2011.10.01"]
[EventType "team-tourn"]
[EventRounds "9"]
[EventCountry "GER"]
[SourceTitle "EXT 2013"]
[Source "ChessBase"]
[SourceDate "2012.11.22"]
[SourceVersion "1"]
[SourceVersionDate "2012.11.22"]
[SourceQuality "1"]
[WhiteTeam "Steinfurt III"]
[BlackTeam "Saerbeck II"]
[WhiteTeamCountry "GER"]
[BlackTeamCountry "GER"]

1. e4 e5 2. Nf3 Nc6 3. Bc4 Bc5 4. d3 Nf6 5. Nc3 h6 6. 0-0 0-0 7. Be3 Bxe3 8. fxe3 d6 9. d4 exd4 10. exd4 Re8 11. Qd3 Na5 12. Nd2 Nxc4 13. Qxc4 Be6 14. d5 Bg4 15. Rae1 Nd7 16. Nb5 a6 17. Nxc7 Rc8 18. Qb3 Rxc7 19. c4 Ne5 20. Qc3 Bh5 21. b3 Bg6 22. Qg3 Qg5 23. Qxg5 hxg5 24. Re3 Rce7 25. Rfe1 Nd7 26. b4 Nf6 27. e5 Rxe5 28. Rxe5 Rxe5 29. Rc1 Re2 30. Nf3 Be4 31. Rc3 Bxf3 32. Rxf3 Rxa2 33. Re3 Kf8 34. Rg3 Ne4 35. Rf3 Ra1+ 36. Rf1 Rxf1+ 37. Kxf1 Nd2+ 0-1

[Event "Steinfurt Bezirksliga 0910"]
[Site "Germany"]
[Date "2009.11.14"]
[Round "3.6"]
[White "Roewekamp, Andre"]
[Black "Janzen, Dieter"]
[Result "0-1"]
[WhiteElo "1463"]
[BlackElo "1655"]
[PlyCount "66"]
[EventDate "2009.09.12"]
[EventType "team-tourn"]
[EventRounds "9"]
[EventCountry "GER"]
[SourceTitle "EXT 2011"]
[Source "ChessBase"]
[SourceDate "2010.11.26"]
[SourceVersion "1"]
[SourceVersionDate "2010.11.26"]
[SourceQuality "1"]
[WhiteTeam "Reckenfeld"]
[BlackTeam "Saerbeck II"]
[WhiteTeamCountry "GER"]
[BlackTeamCountry "GER"]

1. e4 e5 2. Bc4 Nf6 3. Nf3 Nc6 4. d3 d5 5. exd5 Nxd5 6. Qe2 Bg4 7. h3 Bxf3 8. Qxf3 Nf6 9. Bb5 Qd5 10. Bxc6+ bxc6 11. Qg3 Be7 12. Nc3 Qe6 13. Be3 Kd7 14. Rd1 Nd5 15. Ne4 Nxe3 16. fxe3 h6 17. 0-0 f5 18. Nc3 g5 19. d4 e4 20. d5 cxd5 21. Nxd5 Bd6 22. Qf2 Raf8 23. Qe2 Qe5 24. Qb5+ Kd8 25. Qb8+ Kd7 26. Qb5+ Kc8 27. Ne7+ Qxe7 28. Rxf5 Rxf5 29. Qxf5+ Kd8 30. Qd5 Rf8 31. Rd4 Qf6 32. Rd1 Qf2+ 33. Kh1 Qf1+ 0-1

[Event "Steinfurt Bezirksliga 0809"]
[Site "Germany"]
[Date "2008.09.27"]
[Round "1.5"]
[White "Fechner, Juergen"]
[Black "Janzen, Dieter"]
[Result "0-1"]
[WhiteElo "1596"]
[BlackElo "1628"]
[PlyCount "96"]
[EventDate "2008.09.27"]
[EventType "team-tourn"]
[EventRounds "9"]
[EventCountry "GER"]
[SourceTitle "EXT 2010"]
[Source "ChessBase"]
[SourceDate "2010.11.25"]
[SourceVersion "1"]
[SourceVersionDate "2010.11.25"]
[SourceQuality "1"]
[WhiteTeam "Ibbenbueren II"]
[BlackTeam "Saerbeck II"]
[WhiteTeamCountry "GER"]
[BlackTeamCountry "GER"]

1. c4 Nf6 2. Nc3 c5 3. e3 g6 4. Nf3 Bg7 5. Rb1 Nc6 6. a3 a5 7. b3 d6 8. Bb2 0-0 9. Be2 e5 10. Qc2 Re8 11. d3 Bf5 12. e4 Bd7 13. 0-0 Nd4 14. Nxd4 exd4 15. Nd5 Nxd5 16. cxd5 Qh4 17. Bc1 h6 18. f4 Re7 19. Bd2 Bg4 20. Bf3 b6 21. Be1 Qh5 22. Bg3 f5 23. e5 Bxf3 24. Rxf3 dxe5 25. fxe5 Bxe5 26. Qc4 Bxg3 27. d6+ Rf7 28. Rxg3 Kg7 29. Qe6 Rd8 30. Re1 g5 31. Qe5+ Kh7 32. Qd5 Kg7 33. Rf3 Qg6 34. Re6 Rf6 35. Rxf6 Kxf6 36. d7 f4 37. Rf1 Qf7 38. Qe4 Rxd7 39. g3 Re7 40. Qa8 Qe6 41. Qf8+ Kg6 42. gxf4 Qg4+ 43. Kh1 Re2 44. f5+ Kh5 45. Qf7+ Kh4 46. Qd5 Qh3 47. Rf4+ gxf4 48. Qd8+ Kh5 0-1

[Event "Steinfurt Bezirksliga 0708"]
[Site "Germany"]
[Date "2008.01.19"]
[Round "5.4"]
[White "Janzen, Dieter"]
[Black "Hooft, Rudolf"]
[Result "1-0"]
[WhiteElo "1672"]
[BlackElo "1402"]
[PlyCount "83"]
[EventDate "2007.09.22"]
[EventType "team-tourn"]
[EventRounds "9"]
[EventCountry "GER"]
[SourceTitle "EXT 2009"]
[Source "ChessBase"]
[SourceDate "2008.11.26"]
[SourceVersion "1"]
[SourceVersionDate "2008.11.26"]
[SourceQuality "1"]
[WhiteTeam "Saerbeck II"]
[BlackTeam "Rheine SG"]
[WhiteTeamCountry "GER"]
[BlackTeamCountry "GER"]

1. e4 e5 2. Nf3 Nf6 3. Nxe5 Qe7 4. d4 d6 5. Nf3 Nxe4 6. Be2 Nf6 7. 0-0 Qd8 8. Nc3 Be7 9. Re1 0-0 10. Bg5 Nbd7 11. Bc4 c6 12. Re2 Nb6 13. Bd3 Bg4 14. Qe1 Re8 15. Qd2 Bxf3 16. gxf3 Qd7 17. Qf4 d5 18. Kh1 Qh3 19. Bf5 Qh5 20. Rxe7 Rxe7 21. Rg1 Kh8 22. Rg3 h6 23. Rh3 Re1+ 24. Kg2 Qxh3+ 25. Kxh3 hxg5 26. Qxg5 Nc4 27. b3 Nd6 28. Bd3 Rae8 29. Qh4+ Kg8 30. Qg3 Nc8 31. Qf4 Nb6 32. Qd2 R8e6 33. Ne2 Ra1 34. a4 Ne8 35. Qa5 Nc8 36. Kg2 Rd1 37. Nc3 Rde1 38. Bf5 b6 39. Qa6 Rf6 40. Qxc8 Kf8 41. Bd3 Re7 42. Nd1 1-0

[Event "Steinfurt Bezirksliga 0607"]
[Site "Germany"]
[Date "2006.09.30"]
[Round "2.3"]
[White "Wessendorf, Klaus"]
[Black "Janzen, Dieter"]
[Result "1/2-1/2"]
[WhiteElo "1641"]
[BlackElo "1740"]
[PlyCount "39"]
[EventDate "2006.09.09"]
[EventType "team-tourn"]
[EventRounds "9"]
[EventCountry "GER"]
[SourceTitle "EXT 2008"]
[Source "ChessBase"]
[SourceDate "2007.11.25"]
[SourceVersion "1"]
[SourceVersionDate "2007.11.25"]
[SourceQuality "1"]
[WhiteTeam "Emsdetten Rochade II"]
[BlackTeam "Saerbeck II"]
[WhiteTeamCountry "GER"]
[BlackTeamCountry "GER"]

1. e4 d5 2. exd5 Qxd5 3. Nc3 Qa5 4. d3 e5 5. Bd2 Nc6 6. g3 Bb4 7. Bg2 Nd4 8. Nd5 Bxd2+ 9. Qxd2 Qc5 10. c3 Ne6 11. 0-0-0 c6 12. Ne3 Ne7 13. Ne2 0-0 14. f4 exf4 15. gxf4 Nc7 16. Be4 Ncd5 17. d4 Qd6 18. Nc4 Qe6 19. Qd3 Nf6 20. Ng3 1/2-1/2

[Event "Steinfurt Bezirksliga 0607"]
[Site "Germany"]
[Date "2006.09.09"]
[Round "1.3"]
[White "Janzen, Dieter"]
[Black "Merschkoetter, Peter"]
[Result "0-1"]
[WhiteElo "1740"]
[BlackElo "1587"]
[PlyCount "76"]
[EventDate "2006.09.09"]
[EventType "team-tourn"]
[EventRounds "9"]
[EventCountry "GER"]
[SourceTitle "EXT 2008"]
[Source "ChessBase"]
[SourceDate "2007.11.25"]
[SourceVersion "1"]
[SourceVersionDate "2007.11.25"]
[SourceQuality "1"]
[WhiteTeam "Saerbeck II"]
[BlackTeam "Reckenfeld"]
[WhiteTeamCountry "GER"]
[BlackTeamCountry "GER"]

1. e4 e5 2. Nf3 Nf6 3. Nxe5 d6 4. Nf3 Nxe4 5. d4 d5 6. Bd3 Bg4 7. 0-0 Bd6 8. Re1 f5 9. c4 0-0 10. cxd5 Bb4 11. Bd2 Bxf3 12. gxf3 Nxd2 13. Nc3 Qg5+ 14. Kh1 Qf4 15. Re3 Bd6 16. Qg1 Nxf3 17. Qg2 Qxh2+ 18. Qxh2 Nxh2 19. f3 f4 20. Bxh7+ Kxh7 21. Rd3 Nxf3 22. Rxf3 a6 23. Ne4 Rf5 24. Rh3+ Kg8 25. Rg1 Nd7 26. Rh6 Re8 27. Nxd6 cxd6 28. Rhg6 Rh5+ 29. Kg2 Rxd5 30. Kf3 Re7 31. Rc1 Rxd4 32. Rc8+ Kf7 33. Rg5 Kf6 34. Rg1 Re3+ 35. Kf2 Rd2+ 36. Kf1 Rxb2 37. Rd8 Rc3 38. Re8 Rc1+ 0-1

[Event "Steinfurt Bezirksliga 0506"]
[Site "Germany"]
[Date "2006.04.29"]
[Round "9.3"]
[White "Janzen, Dieter"]
[Black "Giller, Gerd"]
[Result "0-1"]
[WhiteElo "1740"]
[BlackElo "1480"]
[PlyCount "175"]
[EventDate "2005.09.24"]
[EventType "team-tourn"]
[EventRounds "9"]
[EventCountry "GER"]
[SourceTitle "EXT 2006"]
[Source "ChessBase"]
[SourceDate "2005.11.24"]
[SourceVersion "1"]
[SourceVersionDate "2005.11.24"]
[SourceQuality "1"]
[WhiteTeam "Falke Saerbeck II"]
[BlackTeam "Rheine"]
[WhiteTeamCountry "GER"]
[BlackTeamCountry "GER"]

1. e4 e6 2. d4 c6 3. Nf3 Be7 4. Bd3 Nf6 5. Nc3 b6 6. Qe2 Bb7 7. Bf4 d6 8. 0-0-0 Nbd7 9. Rhe1 0-0 10. e5 dxe5 11. dxe5 Nd5 12. Qe4 g6 13. Bh6 Nxc3 14. bxc3 Re8 15. Qg4 Qc7 16. h4 Bf8 17. Bxf8 Nxf8 18. h5 Qe7 19. hxg6 fxg6 20. Rh1 Rad8 21. Kb2 Rd5 22. Qh4 Qg7 23. Bc4 Rxd1 24. Rxd1 c5 25. Qf4 Bxf3 26. gxf3 Qf7 27. Qe4 Re7 28. Rd6 Kg7 29. Bb5 Qf5 30. Qe3 g5 31. Rd1 Ng6 32. Rg1 h6 33. Re1 Nf4 34. Qd2 h5 35. Qd6 Qf7 36. Rg1 Kh6 37. Qd8 Ng6 38. Bd3 Qe8 39. Qxe8 Rxe8 40. Bxg6 Kxg6 41. f4 g4 42. f3 Kf5 43. fxg4+ hxg4 44. Rf1 g3 45. Kc1 g2 46. Rg1 Rg8 47. Kd2 Kxf4 48. Ke2 Kxe5 49. Kf2 Kd5 50. Rd1+ Kc4 51. Kg1 Rg7 52. Rd3 e5 53. Re3 e4 54. a3 Kd5 55. a4 Ke5 56. a5 b5 57. Rh3 Rg6 58. Rh7 a6 59. Rh5+ Kd6 60. Rh4 Kd5 61. Rh5+ Kc4 62. Re5 Kxc3 63. Rxc5+ Kb4 64. Re5 Kxa5 65. Rxe4 Kb6 66. Re8 Ka5 67. c3 Ka4 68. Rc8 Kb3 69. Rc5 Ka4 70. Rc8 Rg5 71. c4 Kb4 72. cxb5 axb5 73. Rf8 Rg4 74. Rb8 Ka4 75. Ra8+ Kb3 76. Rb8 b4 77. Rf8 Ka3 78. Ra8+ Kb2 79. Rb8 b3 80. Rc8 Kb1 81. Rb8 b2 82. Rc8 Ra4 83. Kxg2 Ka2 84. Rc2 Kb3 85. Rf2 b1Q 86. Rf3+ Ka2 87. Rf8 Qg6+ 88. Kf1 0-1

[Event "Steinfurt Bezirksliga 0506"]
[Site "Germany"]
[Date "2006.03.18"]
[Round "8.3"]
[White "Lueke, Reinhard"]
[Black "Janzen, Dieter"]
[Result "1-0"]
[WhiteElo "1638"]
[BlackElo "1740"]
[PlyCount "49"]
[EventDate "2005.09.24"]
[EventType "team-tourn"]
[EventRounds "9"]
[EventCountry "GER"]
[SourceTitle "EXT 2006"]
[Source "ChessBase"]
[SourceDate "2005.11.24"]
[SourceVersion "1"]
[SourceVersionDate "2005.11.24"]
[SourceQuality "1"]
[WhiteTeam "Emsdetten Turm III"]
[BlackTeam "Falke Saerbeck II"]
[WhiteTeamCountry "GER"]
[BlackTeamCountry "GER"]

1. c4 c5 2. Nc3 Nc6 3. Nf3 Nf6 4. e4 d6 5. d3 g6 6. Be2 Bg7 7. h3 0-0 8. 0-0 Nd7 9. Rb1 Nde5 10. Be3 Nxf3+ 11. Bxf3 Nd4 12. Be2 a6 13. f4 Bd7 14. Bf3 b5 15. Ne2 Nxf3+ 16. Rxf3 bxc4 17. dxc4 Bc6 18. Ng3 h5 19. h4 Bf6 20. f5 Bxh4 21. Bh6 Re8 22. Nxh5 gxh5 23. Rf4 e5 24. Qxh5 Bg5 25. Rg4 1-0

[Event "Steinfurt Bezirksliga 0506"]
[Site "Germany"]
[Date "2006.03.09"]
[Round "7.3"]
[White "Janzen, Dieter"]
[Black "Sablin, Juriy"]
[Result "1-0"]
[WhiteElo "1740"]
[BlackElo "1724"]
[PlyCount "103"]
[EventDate "2005.09.24"]
[EventType "team-tourn"]
[EventRounds "9"]
[EventCountry "GER"]
[SourceTitle "EXT 2006"]
[Source "ChessBase"]
[SourceDate "2005.11.24"]
[SourceVersion "1"]
[SourceVersionDate "2005.11.24"]
[SourceQuality "1"]
[WhiteTeam "Falke Saerbeck II"]
[BlackTeam "Ibbenbueren II"]
[WhiteTeamCountry "GER"]
[BlackTeamCountry "GER"]

1. e4 e5 2. Nf3 d6 3. Nc3 Be6 4. d4 exd4 5. Nxd4 Bd7 6. Bc4 Nf6 7. 0-0 Be7 8. f4 0-0 9. e5 dxe5 10. fxe5 Bg4 11. Nf3 Qxd1 12. Rxd1 Nfd7 13. Re1 Bc5+ 14. Be3 Bxe3+ 15. Rxe3 Nb6 16. Bb3 N8d7 17. e6 fxe6 18. Bxe6+ Bxe6 19. Rxe6 Rae8 20. Rae1 Rxe6 21. Rxe6 h6 22. Nd4 c6 23. Ne4 Nd5 24. Nd6 Nc5 25. Re5 Nd7 26. Re1 N7f6 27. c4 Nb4 28. Re7 Rd8 29. c5 Nd3 30. Rxg7+ Kxg7 31. Ne6+ Kg6 32. Nxd8 Nxc5 33. N8xb7 Nxb7 34. Nxb7 Ne4 35. Na5 c5 36. Nc4 Kf5 37. Kf1 Ke6 38. Ke2 Kd5 39. Ne3+ Kc6 40. Kd3 Nf6 41. h3 a5 42. g4 Kb5 43. Nf5 Ng8 44. Kc3 a4 45. a3 Ka5 46. Kc4 Kb6 47. h4 Kc6 48. g5 hxg5 49. hxg5 Kb6 50. g6 Nf6 51. g7 Ng8 52. Kd5 1-0

[Event "Muensterland Verbandsklasse-B 0405"]
[Site "Muensterland"]
[Date "2004.11.06"]
[Round "3.4"]
[White "Boelker, Franz"]
[Black "Janzen, Dieter"]
[Result "1/2-1/2"]
[WhiteElo "1895"]
[BlackElo "1704"]
[PlyCount "31"]
[EventDate "2004.09.11"]
[EventType "team"]
[EventRounds "9"]
[EventCountry "GER"]
[SourceTitle "EXT 2006"]
[Source "ChessBase"]
[SourceDate "2005.11.24"]
[SourceVersion "1"]
[SourceVersionDate "2005.11.24"]
[SourceQuality "1"]
[WhiteTeam "Raesfeld Erle"]
[BlackTeam "Saerbeck II"]
[WhiteTeamCountry "GER"]
[BlackTeamCountry "GER"]

1. d4 Nf6 2. c4 c5 3. dxc5 e5 4. Nc3 Bxc5 5. e3 Nc6 6. g3 0-0 7. Bg2 Re8 8. Nge2 d6 9. 0-0 Bg4 10. a3 e4 11. Qc2 Bf3 12. Nf4 Ne5 13. b3 Qd7 14. Bb2 Bxg2 15. Kxg2 Qf5 16. Nb5 1/2-1/2

[Event "Steinfurt Bezirksliga 0304"]
[Site "Germany"]
[Date "2004.03.27"]
[Round "7.5"]
[White "Schnabel, Reinhard"]
[Black "Janzen, Dieter"]
[Result "0-1"]
[WhiteElo "1576"]
[BlackElo "1732"]
[PlyCount "98"]
[EventDate "2003.10.18"]
[EventType "team-tourn"]
[EventRounds "9"]
[EventCountry "GER"]
[SourceTitle "EXT 2005"]
[Source "ChessBase"]
[SourceDate "2004.11.15"]
[SourceVersion "1"]
[SourceVersionDate "2004.11.15"]
[SourceQuality "1"]
[WhiteTeam "Reckenfeld"]
[BlackTeam "Saerbeck Falke II"]
[WhiteTeamCountry "GER"]
[BlackTeamCountry "GER"]

1. e4 e5 2. Nf3 Nc6 3. Bb5 a6 4. Ba4 Nf6 5. d3 b5 6. Bb3 Be7 7. h3 0-0 8. 0-0 d6 9. Be3 Nb8 10. c3 Nbd7 11. Re1 c5 12. Nbd2 Bb7 13. c4 Nb8 14. a4 b4 15. Nh2 Nc6 16. Bg5 Nd4 17. Bxf6 Bxf6 18. Ng4 Be7 19. Ne3 f5 20. exf5 Nxf5 21. Nd5 Bxd5 22. cxd5 Nd4 23. Bc4 Bh4 24. Rf1 Qf6 25. Ne4 Qg6 26. Qg4 Qxg4 27. hxg4 Be7 28. g3 g6 29. Kg2 a5 30. b3 Rf7 31. Ra2 Raf8 32. Rb2 Kg7 33. Rh1 Nf3 34. Bb5 Ng5 35. Bd7 Nxe4 36. dxe4 Rf3 37. Bb5 Rc3 38. Bc4 Bg5 39. Re2 Rh8 40. f3 h5 41. gxh5 gxh5 42. Rf1 h4 43. gxh4 Rxh4 44. Kg3 Rh6 45. Rg2 Kf6 46. Rd1 Rg6 47. Rd3 Rc1 48. Re2 Be3+ 49. Kh2 Bf4+ 0-1

[Event "Steinfurt Bezirksliga 0304"]
[Site "Germany"]
[Date "2004.03.13"]
[Round "6.5"]
[White "Janzen, Dieter"]
[Black "Limberg, Johannes"]
[Result "1-0"]
[WhiteElo "1732"]
[BlackElo "1394"]
[PlyCount "51"]
[EventDate "2003.10.18"]
[EventType "team-tourn"]
[EventRounds "9"]
[EventCountry "GER"]
[SourceTitle "EXT 2005"]
[Source "ChessBase"]
[SourceDate "2004.11.15"]
[SourceVersion "1"]
[SourceVersionDate "2004.11.15"]
[SourceQuality "1"]
[WhiteTeam "Saerbeck Falke II"]
[BlackTeam "Rheine SG"]
[WhiteTeamCountry "GER"]
[BlackTeamCountry "GER"]

1. e4 e5 2. Nf3 Nc6 3. Bc4 Be7 4. c3 Nf6 5. Qe2 d6 6. d4 Bg4 7. d5 Na5 8. Bd3 b6 9. h3 Bh5 10. Bb5+ Nd7 11. b4 Nb7 12. Bc6 Qc8 13. g4 Bg6 14. Bg5 f6 15. Bd2 a6 16. Nh4 Bf7 17. Nf5 Bf8 18. g5 Kd8 19. h4 Nb8 20. gxf6 gxf6 21. Nh6 Bg6 22. Rg1 Ke7 23. Bxb7 Qxb7 24. Qg4 Nd7 25. Qe6+ Kd8 26. Rxg6 1-0

[Event "Steinfurt Bezirksliga 0304"]
[Site "Germany"]
[Date "2003.11.22"]
[Round "2.5"]
[White "Janzen, Dieter"]
[Black "Plagge, Christian"]
[Result "1-0"]
[WhiteElo "1732"]
[BlackElo "1512"]
[PlyCount "59"]
[EventDate "2003.10.18"]
[EventType "team-tourn"]
[EventRounds "9"]
[EventCountry "GER"]
[SourceTitle "EXT 2005"]
[Source "ChessBase"]
[SourceDate "2004.11.15"]
[SourceVersion "1"]
[SourceVersionDate "2004.11.15"]
[SourceQuality "1"]
[WhiteTeam "Saerbeck Falke II"]
[BlackTeam "Emsdetten Turm IV"]
[WhiteTeamCountry "GER"]
[BlackTeamCountry "GER"]

1. e4 c5 2. Nf3 d6 3. d4 cxd4 4. Nxd4 Nf6 5. Nc3 g6 6. Be3 Bg7 7. f3 0-0 8. Qd2 Nc6 9. g4 Bd7 10. h4 h5 11. gxh5 Nxh5 12. Rg1 Rc8 13. 0-0-0 Qa5 14. Rg5 Qd8 15. f4 Bf6 16. Rg1 Bxh4 17. Qh2 Bg3 18. Rxg3 Nxg3 19. Qxg3 Kg7 20. Nf5+ Bxf5 21. exf5 Qc7 22. fxg6 f6 23. Bd3 Rh8 24. Qg4 Nb4 25. Qe6 Nxd3+ 26. cxd3 Rcf8 27. Kb1 Rh2 28. Rc1 Qc8 29. Qxe7+ Kg8 30. Ne4 1-0

[Event "Steinfurt Bezirksliga 0304"]
[Site "Germany"]
[Date "2003.10.18"]
[Round "1.5"]
[White "Koetter, Volkmar"]
[Black "Janzen, Dieter"]
[Result "1-0"]
[WhiteElo "1759"]
[BlackElo "1732"]
[PlyCount "53"]
[EventDate "2003.10.18"]
[EventType "team-tourn"]
[EventRounds "9"]
[EventCountry "GER"]
[SourceTitle "EXT 2005"]
[Source "ChessBase"]
[SourceDate "2004.11.15"]
[SourceVersion "1"]
[SourceVersionDate "2004.11.15"]
[SourceQuality "1"]
[WhiteTeam "Westerkappeln"]
[BlackTeam "Saerbeck Falke II"]
[WhiteTeamCountry "GER"]
[BlackTeamCountry "GER"]

1. e4 e5 2. Nf3 Nc6 3. Bc4 Bc5 4. b4 Bxb4 5. c3 Bc5 6. d4 exd4 7. 0-0 Na5 8. cxd4 Nxc4 9. dxc5 Nf6 10. e5 Ng4 11. Bg5 f6 12. exf6 gxf6 13. Re1+ Kf8 14. Qd4 d5 15. cxd6 Qxd6 16. Qxc4 fxg5 17. Nc3 Bf5 18. h3 Nh6 19. Rad1 Qf6 20. Nd4 Nf7 21. Nd5 Qg6 22. Ne7 Qf6 23. Nexf5 Nd6 24. Nxd6 cxd6 25. Ne6+ Kf7 26. Nc7+ Kg7 27. Nxa8 1-0

[Event "Muensterland Verbandsklasse-B 0203"]
[Site "Muensterland"]
[Date "2003.01.18"]
[Round "5.2"]
[White "Brueggemann, Ludger"]
[Black "Janzen, Dieter"]
[Result "1-0"]
[WhiteElo "2196"]
[BlackElo "1670"]
[PlyCount "61"]
[EventDate "2002.09.28"]
[EventType "team"]
[EventRounds "9"]
[EventCountry "GER"]
[SourceTitle "EXT 2004"]
[Source "ChessBase"]
[SourceDate "2003.11.25"]
[SourceVersion "1"]
[SourceVersionDate "2003.11.25"]
[SourceQuality "1"]
[WhiteTeam "Olfen"]
[BlackTeam "Saerbeck Falke II"]
[WhiteTeamCountry "GER"]
[BlackTeamCountry "GER"]

1. e4 e5 2. f4 exf4 3. Nf3 Nf6 4. e5 Nd5 5. c4 Nb6 6. d4 d5 7. c5 N6d7 8. Nc3 c6 9. Bxf4 b6 10. b4 a5 11. a3 b5 12. Bd3 Be7 13. 0-0 a4 14. Qc2 Nf8 15. Be3 Be6 16. Nxb5 cxb5 17. Bxb5+ Bd7 18. c6 Nxc6 19. Bxc6 Rc8 20. b5 Bxc6 21. bxc6 Qa5 22. Bg5 Ne6 23. Bxe7 Kxe7 24. Nh4 Qb6 25. Qf2 Rhf8 26. Nf5+ Kd8 27. Rab1 Qxc6 28. Nd6 Ra8 29. Qh4+ f6 30. Qg4 Ra7 31. Qxe6 1-0

[Event "Muensterland Verbandsliga 0203"]
[Site "Muensterland"]
[Date "2002.12.07"]
[Round "4.8"]
[White "Janzen, Dieter"]
[Black "Schulz, Joachim"]
[Result "0-1"]
[WhiteElo "1670"]
[BlackElo "1950"]
[PlyCount "82"]
[EventDate "2002.09.21"]
[EventType "team"]
[EventRounds "9"]
[EventCountry "GER"]
[SourceTitle "EXT 2004"]
[Source "ChessBase"]
[SourceDate "2003.11.25"]
[SourceVersion "1"]
[SourceVersionDate "2003.11.25"]
[SourceQuality "1"]
[WhiteTeam "Saerbeck Falke"]
[BlackTeam "Neuenkirchen"]
[WhiteTeamCountry "GER"]
[BlackTeamCountry "GER"]

1. e4 c5 2. Nf3 d6 3. d4 cxd4 4. Nxd4 Nf6 5. Nc3 a6 6. f4 Bg4 7. Be2 Bxe2 8. Qxe2 e6 9. 0-0 Be7 10. Be3 Nbd7 11. Rad1 Qc7 12. Nb3 Rc8 13. Rd2 Nb6 14. Rd3 Nc4 15. Bc1 b5 16. a3 h6 17. Rg3 Qb6+ 18. Kh1 g6 19. f5 g5 20. fxe6 fxe6 21. Rgf3 Ng4 22. Rf7 h5 23. Rg7 Rf8 24. h3 Rf2 25. Rxf2 Nxf2+ 26. Kh2 g4 27. Bf4 Bf6 28. Rh7 Be5 29. Bxe5 Nxe5 30. Rxh5 Kd7 31. Nd1 Nxh3 32. gxh3 Nf3+ 33. Kg3 Qg1+ 34. Qg2 Qxd1 35. Rh7+ Kc6 36. hxg4 Ne5 37. Rg7 Rf8 38. Na5+ Kb6 39. b4 Qe1+ 40. Kh2 Rh8+ 41. Qh3 Qf2+ 0-1

[Event "Muensterland Verbandsklasse-B 0203"]
[Site "Muensterland"]
[Date "2002.09.28"]
[Round "1.2"]
[White "Klein, Bjoern"]
[Black "Janzen, Dieter"]
[Result "1-0"]
[WhiteElo "1878"]
[BlackElo "1670"]
[PlyCount "109"]
[EventDate "2002.09.28"]
[EventType "team"]
[EventRounds "9"]
[EventCountry "GER"]
[SourceTitle "EXT 2004"]
[Source "ChessBase"]
[SourceDate "2003.11.25"]
[SourceVersion "1"]
[SourceVersionDate "2003.11.25"]
[SourceQuality "1"]
[WhiteTeam "Steinfurt"]
[BlackTeam "Saerbeck Falke II"]
[WhiteTeamCountry "GER"]
[BlackTeamCountry "GER"]

1. d4 Nf6 2. c4 c5 3. d5 b5 4. cxb5 a6 5. Nc3 axb5 6. Nxb5 d6 7. Nc3 Ba6 8. g3 g6 9. Bg2 Bg7 10. Nf3 0-0 11. 0-0 Nbd7 12. h3 Nb6 13. Re1 Nfd7 14. Rb1 Bc4 15. e4 Bxa2 16. Nxa2 Rxa2 17. Bf1 Ra7 18. Bb5 Qc7 19. Be3 Ra5 20. Qe2 Ra2 21. Qc2 Rb8 22. Qe2 Na4 23. Qc4 Rxb2 24. Rxb2 Nxb2 25. Qe2 Nb6 26. Qc2 Ra8 27. e5 dxe5 28. Bc6 Rd8 29. Qxc5 N2c4 30. Rd1 Nxe3 31. Qxe3 Nd7 32. Qa3 Qd6 33. Qa7 Nf6 34. Qe3 Nd7 35. Bxd7 Rxd7 36. Qb3 Rd8 37. Kg2 e4 38. Ne1 Kf8 39. Nc2 f5 40. Ne3 Rb8 41. Qc4 f4 42. Nc2 fxg3 43. fxg3 Bf6 44. Qxe4 Rb3 45. Rd3 Rb1 46. Rd2 Qc5 47. Rf2 Rd1 48. Ne3 Re1 49. Kf3 Qc3 50. Qe6 h5 51. Re2 Ra1 52. d6 Qc6+ 53. Nd5 Ra3+ 54. Kg2 Rd3 55. dxe7+ 1-0